It looks like you're offline.
Open Library logo
additional options menu

MARC Record from Scriblio

Record ID marc_records_scriblio_net/part11.dat:112117478:930
Source Scriblio
Download Link /show-records/marc_records_scriblio_net/part11.dat:112117478:930?format=raw

LEADER: 00930cam 2200289 i 4500
001 79021916
003 DLC
005 19990716000000.0
008 790913s1980 wiua j 000 0 eng
010 $a 79021916
020 $a0817215646 (lib. bdg.) :$c$7.99
040 $aDLC$cDLC$dDLC
042 $alcac
043 $af-ke---
050 00 $aQL795.L7$bS78
082 00 $a967.6/204
100 1 $aStone, Judith,$d1950-
245 10 $aIn the jaws of death /$cJudith Stone ; illustrated by Beth Hutchins.
260 $aMilwaukee :$bRaintree Publishers,$cc1980.
300 $a44 p. :$bill. ;$c24 cm.
520 $aDescribes the struggle of a member of a conservation team in Kenya to survive an encounter with a poisoned lion.
650 0 $aLions$xJuvenile literature.
650 0 $aDangerous animals$zKenya$xJuvenile literature.
650 1 $aSurvival.
650 1 $aDangerous animals.
650 1 $aLions.
700 1 $aHutchins, Beth.